Make your brain smarter : (Record no. 748)
[ view plain ]
| 000 -LEADER | |
|---|---|
| fixed length control field | 01829cam a22003498a 4500 |
| 005 - DATE AND TIME OF LATEST TRANSACTION | |
| control field | 20260322212032.0 |
| 008 - FIXED-LENGTH DATA ELEMENTS--GENERAL INFORMATION | |
| fixed length control field | data |
| 010 ## - LIBRARY OF CONGRESS CONTROL NUMBER | |
| LC control number | 2012024798 |
| 020 ## - INTERNATIONAL STANDARD BOOK NUMBER | |
| International Standard Book Number | 9781451665475 |
| 020 ## - INTERNATIONAL STANDARD BOOK NUMBER | |
| International Standard Book Number | 1451665474 |
| 040 ## - CATALOGING SOURCE | |
| Original cataloging agency | DLC |
| Transcribing agency | DLC |
| Modifying agency | DLC |
| 042 ## - AUTHENTICATION CODE | |
| Authentication code | pcc |
| 050 00 - LIBRARY OF CONGRESS CALL NUMBER | |
| Classification number | BF441 |
| Item number | .C3633 2013 |
| 082 00 - DEWEY DECIMAL CLASSIFICATION NUMBER | |
| Classification number | 153 |
| Edition information | 23 |
| 099 ## - LOCAL FREE-TEXT CALL NUMBER (OCLC) | |
| Classification number | 153 C3633 2013 |
| 001 - CONTROL NUMBER | |
| control field | data |
| 100 1# - MAIN ENTRY--PERSONAL NAME | |
| Personal name | Chapman, Sandra Bond. |
| 245 10 - TITLE STATEMENT | |
| Title | Make your brain smarter : |
| Remainder of title | increase your brain's creativity, energy, and focus / |
| Statement of responsibility, etc. | Sandra Bond Chapman & Shelly Kirkland. |
| 250 ## - EDITION STATEMENT | |
| Edition statement | 1st ed. |
| 260 ## - PUBLICATION, DISTRIBUTION, ETC. | |
| Place of publication, distribution, etc. | New York, NY : |
| Name of publisher, distributor, etc. | Free Press, |
| Date of publication, distribution, etc. | c2013. |
| 263 ## - PROJECTED PUBLICATION DATE | |
| Projected publication date | 1111 |
| 300 ## - PHYSICAL DESCRIPTION | |
| Extent | p. cm. |
| 504 ## - BIBLIOGRAPHY, ETC. NOTE | |
| Bibliography, etc. note | Includes bibliographical references and index. |
| 505 0# - FORMATTED CONTENTS NOTE | |
| Formatted contents note | Introduction -- The frontal lobe frontier -- Your brain, your productivity -- Frontal lobe fitness rules -- Getting a check-up from your neck-up -- Develop your core cognitive potential -- Strategic brain habits flex your thinking muscle -- Enhancing integrated reasoning increases your brain performance and protects against decline -- Innovate your thinking -- Increasing your edge -- The immediates, 13-25 years of age -- The finders and seekers, 26-45 years of age -- The thinkers, 46-65 years of age -- The knowers, 66-100 years of age -- Mind the gap for the future -- Encouraging cognitive bounce back -- Staving off decline -- Food for thought -- Achieving ultimate performance -- Acknowledgments -- Notes -- Bibliography -- Index. |
| 650 #0 - SUBJECT ADDED ENTRY--TOPICAL TERM | |
| Topical term or geographic name entry element | Thought and thinking. |
| 650 #0 - SUBJECT ADDED ENTRY--TOPICAL TERM | |
| Topical term or geographic name entry element | Cognition. |
| 650 #0 - SUBJECT ADDED ENTRY--TOPICAL TERM | |
| Topical term or geographic name entry element | Brain. |
| 650 #0 - SUBJECT ADDED ENTRY--TOPICAL TERM | |
| Topical term or geographic name entry element | Neurosciences. |
| 700 1# - ADDED ENTRY--PERSONAL NAME | |
| Personal name | Kirkland, Shelly. |
| 856 42 - ELECTRONIC LOCATION AND ACCESS | |
| Materials specified | Contributor biographical information |
| Uniform Resource Identifier | <a href="http://www.loc.gov/catdir/enhancements/fy1213/2012024798-b.html">http://www.loc.gov/catdir/enhancements/fy1213/2012024798-b.html</a> |
| 856 42 - ELECTRONIC LOCATION AND ACCESS | |
| Materials specified | Publisher description |
| Uniform Resource Identifier | <a href="http://www.loc.gov/catdir/enhancements/fy1213/2012024798-d.html">http://www.loc.gov/catdir/enhancements/fy1213/2012024798-d.html</a> |
| Withdrawn status | Lost status | Damaged status | Not for loan | Home library | Current library | Shelving location | Date acquired | Total checkouts | Full call number | Barcode | Date last seen | Price effective from | Koha item type |
|---|---|---|---|---|---|---|---|---|---|---|---|---|---|
| Franklin | Franklin | General stacks | 22/03/2026 | 153 23 | BC0010767 | 22/03/2026 | 22/03/2026 | Books |